000 01054nam a2200289 i 4500
001 13041
003 KOSZ 005
005 20191214120507.0
008 070725s1970 pl a g 000 0 pol
015 _aPB 1970/6533
040 _aWA N
_cWA N
_dKOSZ 005/ID
041 1 _apol
_hrus
080 _a908(100-201)
245 0 0 _a"Iskier" przewodnik po stolicach świata /
_coprac. nauk. J. Barbag ; [z ros. przeł. Józef Barbag i Joachim Koczy].
246 3 _aPrzewodnik po stolicach świata.
246 1 _iTyt. oryg.:
_aStolicy stran mira.
260 _aWarszawa :
_b"Iskry",
_c1970.
300 _a439, [5] s., 24 k. tabl. :
_bil. ;
_c18 cm.
380 _aKsiążki.
655 4 _aPrzewodnik turystyczny
651 4 _aŚwiat
700 1 _aBarbag, Józef
_d(1903-1982).
_eOpracowanie
700 1 _aKoczy, Joachim.
_eTłumaczenie
710 2 _aPaństwowe Wydawnictwo "Iskry"
_4pbl.
856 _uhttp://koha.tu.koszalin.pl/cgi-bin/koha/opac-detail.pl?biblionumber=13041
_yKatalog online BPK
942 _2UKD
_cKS
999 _c13041
_d13041